000 00325pam a2200157a 44500
008 230515b2012 xxu||||| |||| 00| 0 eng d
020 _aNULL
041 _aENGLISH
082 _a1
100 _aGULHATI
245 _aMIMS INDIA
250 _a1
260 _aNULL
_bN.D.
_c2012
300 _a200
650 _aMIMS INDIA
999 _c497460
_d497460